[Event "Belgrade Serbia op"]
[Site "Belgrade"]
[Date "2023.07.24"]
[Round "9"]
[White "Davidov, Lazar"]
[Black "Barkasheva, Sofia"]
[Result "1/2-1/2"]
[WhiteElo "1901"]
[BlackElo "1636"]
[PlyCount "30"]
[EventDate "2023.07.16"]
[EventType "swiss"]
[EventRounds "9"]
[EventCountry "SRB"]
[SourceTitle "EXT 2024"]
[Source "ChessBase"]
[SourceDate "2023.10.10"]
[SourceVersion "1"]
[SourceVersionDate "2023.10.10"]
[SourceQuality "1"]

1. d4 d5 2. Nf3 Nf6 3. e3 Bf5 4. c4 e6 5. Qb3 dxc4 6. Bxc4 Nbd7 7. Qxb7 Rb8 8. Qa6 Be4 9. Nbd2 Bxf3 10. Nxf3 Bb4+ 11. Kf1 0-0 12. g3 e5 13. a3 Bd6 14. dxe5 Nxe5 15. Be2 Rb6 1/2-1/2

[Event "Novi Sad Serbia op-B"]
[Site "Novi Sad"]
[Date "2022.07.02"]
[Round "5"]
[White "Davidov, Lazar"]
[Black "Gomez, Daniel3333"]
[Result "0-1"]
[WhiteElo "1923"]
[BlackElo "1980"]
[PlyCount "82"]
[EventDate "2022.06.28"]
[EventType "swiss"]
[EventRounds "9"]
[EventCountry "SRB"]
[SourceTitle "EXT 2023"]
[Source "ChessBase"]
[SourceDate "2022.10.05"]
[SourceVersion "1"]
[SourceVersionDate "2022.10.05"]
[SourceQuality "1"]

1. d4 Nf6 2. Nf3 e6 3. Nbd2 d5 4. e3 b6 5. Bd3 Bb7 6. 0-0 Bd6 7. b3 Nbd7 8. Bb2 0-0 9. Ne5 Ne4 10. c4 Qe7 11. Nxd7 Qxd7 12. f3 Nxd2 13. Qxd2 c5 14. Kh1 cxd4 15. Bxd4 dxc4 16. Bxc4 Be5 17. Rad1 Bxd4 18. Qxd4 Qxd4 19. Rxd4 Rfd8 20. Rfd1 Rxd4 21. Rxd4 Bc6 22. Ba6 Kf8 23. Kg1 Ke7 24. Kf2 b5 25. Rb4 Rd8 26. Bxb5 a5 27. Bxc6 axb4 28. Ke2 f5 29. Bb5 Ra8 30. Ba4 Rc8 31. Kd2 Rc5 32. g3 e5 33. f4 h6 34. h4 Kd6 35. Be8 Ra5 36. Ba4 Kd5 37. Ke2 Rc5 38. Kd3 Rc3+ 39. Kd2 exf4 40. gxf4 Ke4 41. a3 Rd3+ 0-1

[Event "SRB-ch U16"]
[Site "Subotica"]
[Date "2021.05.04"]
[Round "2"]
[White "Muskinja, Luka"]
[Black "Davidov, Lazar"]
[Result "1/2-1/2"]
[WhiteElo "1868"]
[BlackElo "1754"]
[PlyCount "73"]
[EventDate "2021.05.03"]
[EventType "swiss"]
[EventRounds "9"]
[EventCountry "SRB"]
[SourceTitle "EXT 2022"]
[Source "ChessBase"]
[SourceDate "2021.10.06"]
[SourceVersion "1"]
[SourceVersionDate "2021.10.06"]
[SourceQuality "1"]

1. Nf3 Nf6 2. d4 d5 3. e3 e6 4. Bd3 Bd6 5. Nbd2 Nbd7 6. Qe2 0-0 7. b3 e5 8. dxe5 Nxe5 9. Bb2 Qe7 10. h3 c6 11. 0-0 Nxd3 12. cxd3 Bf5 13. Nh4 Bd7 14. Qf3 Be5 15. d4 Bc7 16. Nf5 Bxf5 17. Qxf5 Qd6 18. g3 Rfe8 19. Rac1 Rxe3 20. Rfe1 Rxe1+ 21. Rxe1 Ba5 22. Bc1 Bxd2 23. Bxd2 Ne4 24. Bf4 Qf6 25. Qxf6 gxf6 26. f3 Ng5 27. Bxg5 fxg5 28. Re7 Rb8 29. Rc7 Kg7 30. Kf2 Kf6 31. g4 h6 32. Kg3 Ke6 33. h4 Kf6 34. hxg5+ hxg5 35. f4 gxf4+ 36. Kxf4 a5 37. a4 1/2-1/2

[Event "SRB-ch U16"]
[Site "Subotica"]
[Date "2021.05.03"]
[Round "1"]
[White "Davidov, Lazar"]
[Black "Tadic, Stefan"]
[Result "0-1"]
[WhiteElo "1754"]
[BlackElo "2384"]
[PlyCount "70"]
[EventDate "2021.05.03"]
[EventType "swiss"]
[EventRounds "9"]
[EventCountry "SRB"]
[SourceTitle "EXT 2022"]
[Source "ChessBase"]
[SourceDate "2021.10.06"]
[SourceVersion "1"]
[SourceVersionDate "2021.10.06"]
[SourceQuality "1"]

1. d4 d5 2. Nf3 Bg4 3. e3 e6 4. c4 c6 5. Nc3 Nd7 6. cxd5 exd5 7. h3 Bh5 8. Be2 Bd6 9. 0-0 Ngf6 10. Bd2 0-0 11. a3 Qe7 12. Nh4 Bxe2 13. Qxe2 g6 14. f4 Rae8 15. Rae1 Nb6 16. a4 Nc4 17. Bc1 Bb4 18. Qd3 Bxc3 19. bxc3 Ne4 20. Nf3 b5 21. axb5 cxb5 22. Ne5 Rc8 23. Nxc4 dxc4 24. Qc2 f5 25. Bb2 a5 26. Ra1 Qc7 27. Ba3 Rf6 28. Rfb1 Rb8 29. Ra2 Rfb6 30. Bc1 b4 31. Rxa5 Nxc3 32. Rba1 Ne4 33. Ra7 Qc6 34. Qa4 Qxa4 35. R1xa4 R6b7 0-1

[Event "SRB-ch U14"]
[Site "Kragujevac"]
[Date "2019.05.03"]
[Round "6"]
[White "Davidov, Lazar"]
[Black "Kostadinovic, Uros"]
[Result "1-0"]
[WhiteElo "1713"]
[BlackElo "1876"]
[PlyCount "115"]
[EventDate "2019.04.29"]
[EventType "swiss"]
[EventRounds "9"]
[EventCountry "SRB"]
[SourceTitle "EXT 2022"]
[Source "ChessBase"]
[SourceDate "2021.10.06"]
[SourceVersion "1"]
[SourceVersionDate "2021.10.06"]
[SourceQuality "1"]

1. d4 Nf6 2. Nf3 g6 3. c4 Bg7 4. Nc3 0-0 5. e3 d6 6. Be2 b6 7. 0-0 Nbd7 8. b3 c5 9. Bb2 Bb7 10. Qc2 Rc8 11. Rfd1 a6 12. Qd2 Qc7 13. Rac1 h6 14. h3 Kh8 15. dxc5 bxc5 16. Nd5 Nxd5 17. Bxg7+ Kxg7 18. cxd5 Nf6 19. Bc4 Qd7 20. Qd3 Ra8 21. e4 Nh5 22. Qe3 Rae8 23. e5 dxe5 24. Qxe5+ Kh7 25. Qe3 Qd6 26. Qe5 Rd8 27. Re1 Rfe8 28. Qxd6 Rxd6 29. Ne5 f6 30. Nd3 Bxd5 31. Bxd5 Rxd5 32. Nxc5 Rd2 33. Nxa6 Rxa2 34. Nc7 Rb8 35. Rxe7+ Ng7 36. Ne6 Rg8 37. Rcc7 Re2 38. Nxg7 Rxe7 39. Rxe7 Rxg7 40. Rxg7+ Kxg7 41. Kf1 Kf7 42. Ke2 Ke6 43. Ke3 f5 44. Kd4 g5 45. b4 g4 46. hxg4 fxg4 47. Ke4 h5 48. Kf4 Kd5 49. Kg5 g3 50. fxg3 Kc4 51. Kxh5 Kxb4 52. g4 Kc5 53. Kh6 Kd6 54. g5 Ke7 55. Kh7 Kf8 56. g6 Ke7 57. g7 Kf7 58. g8Q+ 1-0

[Event "EU-ch U12 28th"]
[Site "Riga"]
[Date "2018.08.21"]
[Round "2"]
[White "Davidov, Lazar"]
[Black "Silich, Yahor"]
[Result "0-1"]
[WhiteElo "1763"]
[BlackElo "2043"]
[PlyCount "62"]
[EventDate "2018.08.20"]
[EventType "swiss"]
[EventRounds "9"]
[EventCountry "LAT"]
[SourceTitle "CBM 186 Extra"]
[Source "ChessBase"]
[SourceDate "2018.08.24"]
[SourceVersion "1"]
[SourceVersionDate "2018.08.24"]
[SourceQuality "1"]

1. d4 Nf6 2. Nf3 g6 3. c4 Bg7 4. Nc3 0-0 5. e3 d6 6. Be2 Nbd7 7. Qc2 e5 8. 0-0 Re8 9. b3 e4 10. Nd2 Qe7 11. Nb5 Nf8 12. Bb2 a6 13. Nc3 Bf5 14. Rac1 h5 15. Na4 h4 16. Rfe1 h3 17. g3 N8h7 18. d5 Ng5 19. Bxf6 Qxf6 20. c5 Re7 21. cxd6 cxd6 22. Nb6 Rd8 23. g4 Nf3+ 24. Bxf3 exf3 25. e4 Bxg4 26. Nf1 Bh6 27. Rcd1 Bf4 28. Ne3 Bh5 29. Kh1 Re5 30. Nbc4 Rg5 31. Rg1 Rg2 0-1

[Event "Senta op 22nd"]
[Site "Senta"]
[Date "2018.07.14"]
[Round "1"]
[White "Davidov, Lazar"]
[Black "Stojkovska, Monika"]
[Result "0-1"]
[WhiteElo "1646"]
[BlackElo "2113"]
[PlyCount "46"]
[EventDate "2018.07.14"]
[EventType "swiss"]
[EventRounds "9"]
[EventCountry "SRB"]
[SourceTitle "CBM 185 Extra"]
[Source "ChessBase"]
[SourceDate "2018.07.29"]
[SourceVersion "1"]
[SourceVersionDate "2018.07.29"]
[SourceQuality "1"]

1. d4 Nf6 2. Nf3 e6 3. Nbd2 c5 4. e3 d5 5. c3 Nc6 6. Bd3 Be7 7. 0-0 0-0 8. Qe2 b6 9. dxc5 bxc5 10. e4 d4 11. cxd4 Nb4 12. a3 Nxd3 13. Qxd3 Bb7 14. Re1 Qd7 15. b3 Rfd8 16. Bb2 a5 17. Qc2 Rac8 18. dxc5 Bxc5 19. Qd1 Ng4 20. Rf1 Ba6 21. Nc4 Qxd1 22. Raxd1 Rxd1 23. Rxd1 Nxf2 0-1

[Event "EU-ch U12 27th"]
[Site "Mamaia"]
[Date "2017.09.09"]
[Round "5"]
[White "Davidov, Lazar"]
[Black "Stepanencu, Nicodim Cosmin"]
[Result "0-1"]
[WhiteElo "1602"]
[BlackElo "1786"]
[PlyCount "63"]
[EventDate "2017.09.05"]
[EventType "swiss"]
[EventRounds "9"]
[EventCountry "ROU"]
[SourceTitle "EXT 2018"]
[Source "ChessBase"]
[SourceDate "2017.10.13"]
[SourceVersion "1"]
[SourceVersionDate "2017.10.13"]
[SourceQuality "1"]

1. d4 Nf6 2. Nf3 e6 3. Nbd2 d5 4. e3 c5 5. c3 Nc6 6. Bd3 Bd6 7. 0-0 0-0 8. Qe2 e5 9. dxe5 Nxe5 10. Nxe5 Bxe5 11. Nf3 Bd6 12. c4 Re8 13. Qc2 g6 14. Bd2 dxc4 15. Bxc4 Bf5 16. Qb3 Qc7 17. Bc3 Ne4 18. Rfd1 Rad8 19. Bd5 Nxc3 20. Qxc3 Be6 21. Bxe6 Rxe6 22. h3 Re7 23. Rd2 b5 24. Rad1 Red7 25. Kh1 b4 26. Qc4 Be7 27. b3 Rxd2 28. Rxd2 Rxd2 29. Nxd2 Qe5 30. Nb1 Qb2 31. Qe4 Bd6 32. Qd3 0-1